تاريخ البحرية المصرية / (Record no. 8034)
[ view plain ]
| 000 -الفاتح | |
|---|---|
| حقل البيانات ثابتة الطول | 00897nac a22001451u 4500 |
| 008 - عناصر البيانات ثابتة الطول - معلومات عامة | |
| حقل البيانات ثابتة الطول | 080923s1973 xxu||||| |||| 00| 0 ara d |
| 082 ## - رقم تصنيف ديوى العشرى | |
| رقم التصنيف | 359.00962 |
| رقم المادة | ت ا ر |
| 245 ## - بيان العنوان | |
| العنوان | تاريخ البحرية المصرية / |
| بيان المسئوليه,etc | وضع فصوله نخبة من الاساتذة المتخصصين بجامعة الإسكندرية بالتعاون مع القوات البحرية بجمهورية مصر العربية |
| 260 ## - PUBLICATION, DISTRIBUTION, ETC. (IMPRINT) | |
| مكان الناشر او الموزع | الاسكندرية : |
| اسم الناشر او الموزع | جامعة الاسكندرية ،1973 |
| تاريخ النشر أو التوزيع | 1973. |
| 300 ## - الوصف المادى | |
| التعداد | 798 ص : |
| تفاصيل ماديه اخرى للوعاء | ايض ؛ |
| أبعاد الوعاء | 32 سم. |
| 504 ## - تبصرة ببليوجرافية | |
| تبصرة ببليوجرافية,الخ | يحتوى على إرجاعات ببليوجرافية وفهرس |
| 651 ## - المدخل الاضافى بالموضوع - اسم جغرافى | |
| 9 (RLIN) | 21705 |
| الاسم الجغرافي | مصر |
| التقسيم الفرعي العام | التاريخ البحري |
| 942 ## - عناصر المدخل الإضافي( كوها) | |
| Koha [default] item type | Book - Borrowing |
| سابقة رقم الطلب | 359.00962 ت ا ر |
| مصدر التصنيف او مخطط الترفيف | Dewey Decimal Classification |
| حالة التراجع | حالة الفقد | مصدر التصنيف او خطة الترفيف | حالة تلف | ليس للاعارة | مجموعات كوها | المكان الدائم | المكان الحالي | موقع الترفيف | تاريخ الاكتساب | Source of acquisition | رقم الاستدعاء | الباركود | Date last seen | نوع الوعاء |
|---|---|---|---|---|---|---|---|---|---|---|---|---|---|---|
| Dewey Decimal Classification | Alef-Baa | Central Library | Central Library | First floor | 04/01/2011 | 359.00962 ت ا ر | 000009822 | 15/07/2025 | Book - Borrowing |